000
00218 a2200097 4500
001
50979
100
_a
Marks Myles H
245
_a
Basic Integrated circuits
260
_a
USA
_b
Tab Books Inc
_c
090
_c
32279
_d
32279
942
_a
NUST-CAE
_c
M
_c
24757
999
_c
286052
_d
286052